Normal view MARC view
  • ORGANISATIONAL BEHAVIOUR

Entry Topical Term

Number of records used in: 1

001 - CONTROL NUMBER

  • control field: 61568

003 - CONTROL NUMBER IDENTIFIER

  • control field: NUST

005 - DATE AND TIME OF LATEST TRANSACTION

  • control field: 20210628202757.0

008 - FIXED-LENGTH DATA ELEMENTS

  • fixed length control field: 210628|| aca||aabn | a|a d

040 ## - CATALOGING SOURCE

  • Original cataloging agency: NUST
  • Transcribing agency: NUST

150 ## - HEADING--TOPICAL TERM

  • Topical term or geographic name entry element: ORGANISATIONAL BEHAVIOUR

670 ## - SOURCE DATA FOUND

  • Source citation: Work cat.: (NUST): Vecchio, Robert P ,Hearn, Greg ,Southey, Greg 61567, Organisational behaviour, 2007
© 2023 Central Library, National University of Sciences and Technology. All Rights Reserved.